000
00248 a2200109 4500
001
794
082
_a
629.83 SAV
090
_c
387
_d
387
100
_a
Savant C.J
245
_a
Basic feedback control system design
260
_a
NY
_b
Mcgrawhill
_c
1958
942
_a
NUST-CAE
_k
629.83 SAV
999
_c
235867
_d
235867